000 00511cam a2200181ua 4500
001 2877
008 110913n ii |||gr||||Z||||||asm
040 _cMAIN
082 _a920
100 1 _aBaruah, Usharani,
245 1 1 _aHemchandra Barua aru Gunabhiram Barua :
_bKriti aru kritittwa /
_cby Usharani Baruah
250 _a1st.
260 _aDhemaji:
_bKiran Prakashan,
_c2006.
300 _a200p:
_c23cm.
653 _aBiography
653 _aBiography of Hemchandra Barua aru Gunabhiram Barua
942 _cBK
999 _c2726
_d2726